Willy el tímido (Registro nro. 3340)
[ vista simple ]
| 000 - LÍDER | |
|---|---|
| campo de control de longitud fija | 01069nam a2200301 i 4500 |
| 005 - FECHA Y HORA DE LA ÚLTIMA TRANSACCIÓN | |
| campo de control | 20210727153145.0 |
| 008 - ELEMENTOS DE DATOS DE LONGITUD FIJA - INFORMACIÓN GENERAL | |
| campo de control de longitud fija | 00003022010 mx a gr spa d 0000000000spa00 |
| 020 ## - INTERNATIONAL STANDARD BOOK NUMBER | |
| International Standard Book Number | 9789681636531 |
| 040 ## - FUENTE DE CATALOGACIÓN | |
| Agencia de catalogación original | CO-BoRNBP |
| Lenguaje de catalogación | spa |
| Agencia de transcripción | CO-BoRNBP |
| Descripción convenciones | rda |
| 041 ## - CÓDIGO DE LENGUAJE | |
| Código de idioma de texto / pista de sonido o título separado | spa |
| 084 ## - OTRO NÚMERO DE CLASIFICACIÓN | |
| Número de clasificación | A BRO1 |
| 100 1# - ENTRADA PRINCIPAL - NOMBRE PERSONAL | |
| Nombre de la persona | Browne, Anthony |
| Fechas asociadas a un nombre | 1946- |
| Término del Relator | autor |
| 245 10 - TÍTULO DECLARACIÓN | |
| Título | Willy el tímido |
| Declaración de responsabilidad | Anthony Browne ; traducción Carmen Esteva |
| 250 ## - DECLARACIÓN DE EDICIÓN | |
| Sentencia de edición | Primera edición |
| 264 #1 - AVISO DE PRODUCCIÓN, PUBLICACIÓN, DISTRIBUCIÓN, FABRICACIÓN Y DERECHOS DE AUTOR | |
| Lugar de producción | México |
| Nombre del productor | Fondo de Cultura Económica |
| Fecha de producción | 2010 |
| 300 ## - DESCRIPCIÓN FÍSICA | |
| Alcance | [30] páginas |
| Otros datos físicos | ilustraciones a color |
| Dimensiones | 23 cm |
| 336 ## - TIPO DE CONTENIDO | |
| Tipo de contenido | texto |
| Código de tipo de contenido | txt |
| Fuente | rdacontent |
| 337 ## - TIPO DE MEDIO | |
| Término del tipo de medio | sin mediación |
| Código de tipo de medio | n |
| Fuente | rdamedia |
| 338 ## - TIPO DE PORTADOR | |
| Término del tipo de operador | volumen |
| Código de tipo de operador | nc |
| Fuente | rdacarrier |
| 490 ## - DECLARACIÓN EN SERIE | |
| Estado de cuenta de la serie | Los especiales de A la orilla del viento |
| 521 ## - NOTA DE AUDIENCIA OBJETIVO | |
| Nota para el público objetivo | Recomendado para niños desde los 3 años |
| 534 ## - NOTA DE VERSIÓN ORIGINAL | |
| Declaración de título del original | Willy the Wimp |
| 650 17 - ENTRADA DE SUJETO AÑADIDO - TÉRMINO TÓPICO | |
| Término tópico o elemento de entrada del nombre geográfico | Álbumes infantiles ingleses |
| Subdivisión cronológica | Siglo XX |
| Fuente del título o término | ARMARC |
| 650 17 - ENTRADA DE SUJETO AÑADIDO - TÉRMINO TÓPICO | |
| Término tópico o elemento de entrada del nombre geográfico | Literatura infantil inglesa |
| Subdivisión cronológica | Siglo XX |
| Fuente del título o término | ARMARC |
| 650 17 - ENTRADA DE SUJETO AÑADIDO - TÉRMINO TÓPICO | |
| Término tópico o elemento de entrada del nombre geográfico | Superación |
| Subdivisión de forma | Álbumes infantiles |
| Fuente del título o término | ARMARC |
| 700 1# - ENTRADA AGREGADA - NOMBRE PERSONAL | |
| Nombre de la persona | Esteva, Carmen |
| Término del Relator | traductora |
| 942 ## - ELEMENTOS DE ENTRADA AGREGADOS (KOHA) | |
| Fuente de clasificación o esquema de estanterías | |
| Tipo de artículo Koha | Literartura |
| Estado de retirada | Pérdida de estatus | Fuente de clasificación o esquema de estanterías | Estado dañado | No para préstamo | Ubicación permanente | Ubicación actual | Ubicación de las estanterías | Fecha de adquisición | Fuente de adquisición | Total de Cajas | Número Topográfico | Código de barras | Precio efectivo desde | Fecha de la última vez que se vio | Tipo de artículo Koha | Código de recogida | Número de copia |
|---|---|---|---|---|---|---|---|---|---|---|---|---|---|---|---|---|---|
| Dewey Decimal Classification | Biblioteca Pública Municipal Carlos Arturo Bolívar Guevara | Biblioteca Pública Municipal Carlos Arturo Bolívar Guevara | Área Infantil | 26/09/2023 | Dotación del Ministerio de Cultura | 823 B882wt | BEL03 - 2914 | 26/09/2023 | 26/09/2023 | Literartura | |||||||
| Dewey Decimal Classification | Biblioteca Pública Municipal Isaías Naranjo Ríos | Biblioteca Pública Municipal Isaías Naranjo Ríos | Área Infantil | 28/10/2012 | Dotación ministerio de cultura | A BRO1 | API01 - 3631 | 28/10/2024 | 28/10/2024 | Literartura | Infantil | Ej.1 |